| 000 | 00970nam a22002897a 4500 | ||
|---|---|---|---|
| 001 | 3483 | ||
| 003 | FISKH | ||
| 005 | 20240312141356.0 | ||
| 008 | 240312b cb ||||| |||| 00| 0 eng d | ||
| 020 | _a9780545320757 | ||
| 040 |
_aFISKH _beng _cFISKH _dFISKH |
||
| 050 | _aPZ7.B452136 | ||
| 082 | _a813.56 | ||
| 100 |
_aBerger, Smantha _eauthor |
||
| 245 |
_aMartha doesn't say sorry ! / _cby Samantha Berger ; illustrated by Bruce Whatley |
||
| 250 | _aFirst Scholastic printing, November 2010 | ||
| 260 |
_aNew York : _bScholastic , _c2009 |
||
| 300 |
_a39 unnumbered pages : _bcolor illustrations ; _c23 cm . |
||
| 505 | _aJ | ||
| 520 | _aYoung Martha learns that she must apologize for her bad behavior if she wants people to cooperate with her. | ||
| 521 | 8 |
_a480
_bLexile |
|
| 521 | 8 |
_aJ
_bRaz-Plus |
|
| 600 |
_2behavior _vFiction |
||
| 690 |
_aapologizing _vFiction |
||
| 700 |
_aWhatley, Bruce _eillustrator |
||
| 942 |
_2ddc _cBK _n0 |
||
| 999 |
_c3483 _d3483 |
||